000 nam a22 7a 4500
999 _c232758
_d232758
003 Nust
005 20170223112615.0
008 170223b xxu||||| |||| 00| 0 eng d
040 _cDLC
082 _a891.4393 MUM
245 _aاوکھے اولڑے
_cممتا ز مفتی
260 _aLahore :
_c1995
300 _a258p. :
_c25cm
942 _2ddc
_cBK